000 00478nam a2200205Ia 4500
003 OSt
005 20220518142718.0
008 210210b1992 xxu||||| |||| 00| 0 eng d
020 _a0 7069 6389 X
040 _aAL
_c
041 _aEnglish
082 _a070.02 RAIC
100 _aRAI (AJAY).
_937783
245 _aCareer in Journalism
260 _aND
_bVikas publishing house
_c1992
300 _a180
690 _aJournalism
_937784
906 _a047227
942 _2ddc
_cBK
999 _c96363
_d96363